000 00767nam a2200265Ia 4500
005 20211214145623.0
008 131103s9999 xx 000 0 und d
020 _a210336870
_cRs.30.00
040 _aLoreto College
041 _aEnglish
082 _a306
_bMAJ
100 _aMajumdar,D.N.
245 3 _aAn introduction to social anthropology
_cD.N.Majumdar and T.N.Madan
260 _aBombay
_bAsia Publishing House
_c1980
300 _aix,304 p.
_b illus.,fig.
504 _aIncludes bibliographical references and index
650 _aSociology
650 _aAnthropology,cultural
650 _aSocial anthropology
650 _aEthnology
650 _aSocial life and customs
_zIndia
700 _aMadan,T.N.
_4Auth
850 _aLCLIB
942 _cBK
999 _c11244
_d61723